| 000 | 00657nam a22002057a 4500 | ||
|---|---|---|---|
| 005 | 20251108171206.0 | ||
| 008 | 250721s2000 xx 000 0 ara d | ||
| 082 | 1 | 4 | _aط/ق/خول |
| 100 | 1 | _aراتب، نيفين | |
| 245 | 1 | 0 | _aضجه ضجه / |
| 264 | 1 |
_aبيروت : _bدار أصالة للنشر و التوزيع، _c2000. |
|
| 490 | 0 | _aكلمة كلمة ؛5 | |
| 650 | 1 | 7 | _aأدب الأطفال |
| 650 | 1 | 7 | _aالقصص العربية |
| 653 | _aاطفال ما قبل المدرسه (0-5) سنوات | ||
| 700 | 1 |
_aالسيد، شريف _eرسم |
|
| 700 | 1 |
_aالخولي، نادية _eمؤلف |
|
| 942 |
_2ddc _cBK |
||
| 999 |
_c58962 _d58962 |
||